00431 2200157 4500001002100000005001500021035002000036245007700056100001700133300002600150260004100176082000800217084001400225020002200239990001200261INLIS00000000000186820250515111925 a0010-05250001601 aKH. Achmad Zamachsyari ( Gus Mad ) :bMenyelami Samudera /cArief Rahman0 aArief Rahman a205 hlm ;c13 x 20 cm aSurabaya :bEra Inovasi Press,c2007 a200 a200 ARI k a978-979-16156-0-0 a0754812